| 000 | 00707nam a22002177a 4500 | ||
|---|---|---|---|
| 003 | SEM | ||
| 005 | 20220608073115.0 | ||
| 008 | 160129b xxu||||| |||| 00| 0 eng d | ||
| 020 | _a9786051462622 | ||
| 040 |
_a ՍԷՄ _c ՍԷՄ |
||
| 041 | _atr. | ||
| 100 |
_aElbeyoğlu Ali _cavukat _q (Elbeyoglu Ali) |
||
| 245 |
_aOsmanlı'dan günümüze tapu. _bEmval-i Metruke / _cA. Elbeyoğlu; |
||
| 250 | _aBirici baskı | ||
| 260 |
_aAnkara: _bAdalet yayınevi, _c2014. |
||
| 300 |
_axi+169 p.; _bill., _c23,5 cm. |
||
| 440 |
_aHukuk yayınlari dizisi - _n1300. |
||
| 650 |
_aHukuk _zOsmanlı İmparatorluğu _zTürkiye |
||
| 650 |
_aMülkiyet hakkı _zOsmanlı İmparatorluğu _zTürkiye |
||
| 942 |
_2udc _cBK |
||
| 999 |
_c64133 _d64133 |
||